000 01342nam a2200313 4500
003 NUST
005 20260508135752.0
008 260508b |||||||| |||| 00| 0 eng d
040 _aNUST
_beng
_cNUST
_dNUST
_erda
050 _aRG575 .S66 JER
100 _aJeremiah, Munyaradzi.
_eauthor.
245 _aSonographic evaluation of the lower uterine segment thickness in patients with previous caesarean section in third trimester /
_cby Munyaradzi Jeremiah.
260 _aBulawayo, Zimbabwe :
_bNational University of Science and Technology ,
_c©2020.
300 _ax, 67 pages :
_billustrations ;
_c31 cm.
336 _2rdacontent
_atext
_btxt
337 _2rdamedia
_aunmediated
_bn
338 _2rdacarrier
_avolume
_bnc
500 _aA research project submitted in partial fulfilment of the Bachelor of Science Honours degree in Radiography.
501 _00(BSc in Radiography) National University of Science and Technology, 2020.
504 _aIncludes bibliographical references.
650 _aCesarean section.
650 _aPregnancy
_xComplications.
650 _aUltrasonography in obstetrics.
650 _aUterus Diseases
_xDiagnosis.
650 _aThird trimester pregnancy.
650 _aScar tissue
_xMeasurement.
700 _aMrs J. Tityiwe.
_esupervisor.
942 _2lcc
_n0
_c3HOUR
_hRG575 .S66
_kRG
_m JER
999 _c172850
_d172850